000 00674nam a2200229Ia 4500
003 OSt
005 20220928133152.0
006 a|||||r|||| 00| 0
007 ta
008 220927b |||||||| |||| 00| 0 eng d
024 _a37839
037 _cReference Collections
040 _aSDCL
_cSDCL
_beng
041 _2eng
_aeng
082 _aD65k, M5 RR
100 _aJordan Edward C
245 0 _aReference data for engineers
_b Radio, electronics, computer and communications.
250 _a7
260 _aIndiana
_bHoward W. Sams
_c1985
942 _hD65k, M5 RR
_cREF
_2CC
999 _c798189
_d798189